01860cam a22003854i 4500003000900000005001700009008004100026035002000067040003300087100003700120245006700157264001000224300002200234336002100256337002500277338002300302502005900325504002400384520092500408526001001333526001001343526000901353526000901362526000901371526000901380526000901389526000901398526000901407526000801416526000801424526000801432526000801440526000801448650001801456PE-LiUPU20250731165431.0160219s1997 pe grm 000 0 spa d a(Sirsi) a156246 aPE-LiUPUbspacPE-LiUPUerda1 aQuispe Huancahuire, Luisaeautor10aAritmética teoría y práctica /cLuis Quispe Huancahuire. 0c1997. a259 hojas c30 cm atext2rdacontent aunmediated2rdamedia avolume2rdacarrier aTesisb(Lic.) -- cUniversidad Peruana Unión,d1997. aIncluye referencias3 aLa presente obra es una profundización de la matemática elemental de secundaria, con énfasis en la aritmética. El primer capitulo se dedica a un amplio estudio de la teoría de conjuntos y la utilidad de los diagramas de ven para analizar problemas que comprenden conjuntos. En el capitulo II se abordan el estudio del sistema de los números complejos, desde la representación como pares ordenados, operaciones básicas, modulo conjugado, representación grafica hasta las aplicaciones inmediatas de los números complejos. El capitulo III se trata del estudio de los vectores geométricos bidimensionales y sus aplicaciones a la física. Luego el capitulo IV se presenta el algebra de polinomios, teorema de del resto, teorema del factor, división sintética y forma factorizada de un polinomio, finalmente, en el capitulo V presentamos el método y aplicaciones de la introducción matemática. aSEG44 aSEG26 aP151 aP150 aP149 aP146 aP145 aP126 aP125 aP92 aP75 aP74 aP27 aP1514aAritmética.